000 00760cab a2200253 4500
001 WB2920-44
008 090401t1993 xxu||||| |||| 00| 0 eng d
035 _a(Sirsi) u38274
041 _aeng
245 _aUK relocation
260 _c1993
300 _aLOAN
350 _a0
490 _aFinancial Times
_v28 May 1993, I-XII(12)
520 _aA supplement on the factors affecting companies` decisions to relocate including labour supply, taxation, rating, telecommunications, rental performance, and government assistance.
650 _aASSISTED AREAS
650 _aCUMBRIA
650 _aREGIONAL POLICY
650 _aRELOCATION
690 _aPROPERTY-COMMERCIAL PROPERTY
690 _aSPECIAL REPORTS
942 _n0
948 _c04/03/1997
999 _c24594
_d24594